Normal view
MARC view
- Python web
Entry Topical Term
001 - CONTROL NUMBER
- control field: 123647
003 - CONTROL NUMBER IDENTIFIER
- control field: NUST
005 - DATE AND TIME OF LATEST TRANSACTION
- control field: 20240613161218.0
008 - FIXED-LENGTH DATA ELEMENTS
- fixed length control field: 240613|| aca||aabn | a|a d
040 ## - CATALOGING SOURCE
- Original cataloging agency: NUST
- Transcribing agency: NUST
150 ## - HEADING--TOPICAL TERM
- Topical term or geographic name entry element: Python web
- Topical term or geographic name entry element: Django
670 ## - SOURCE DATA FOUND
- Source citation: Work cat.: (NUST): Melé, Antonio 123646, Django 4 By Example - Fourth Edition: Build powerful and reliable Python web applications from scratch/, 2022.
